[Event "Rajkot RCPA op 2nd"]
[Site "Rajkot"]
[Date "2019.08.14"]
[Round "2"]
[White "Trivedi Karan, R."]
[Black "Dave, Vatsal"]
[Result "1-0"]
[WhiteElo "1886"]
[BlackElo "1295"]
[PlyCount "83"]
[EventDate "2019.08.13"]
[EventType "swiss"]
[EventRounds "10"]
[EventCountry "IND"]
[SourceTitle "EXT 2021"]
[Source "ChessBase"]
[SourceDate "2020.10.23"]
[SourceVersion "1"]
[SourceVersionDate "2020.10.23"]
[SourceQuality "1"]

1. d4 c6 2. Bf4 d5 3. e3 Nf6 4. Bd3 g6 5. Nf3 Bg7 6. 0-0 0-0 7. c4 Nbd7 8. h3 Re8 9. Bh2 b6 10. Nc3 Bb7 11. cxd5 Nxd5 12. Nxd5 cxd5 13. Rc1 Rc8 14. Qa4 a6 15. Rc3 b5 16. Qc2 Nb6 17. Bc7 Rxc7 18. Rxc7 Qb8 19. Qc5 Na4 20. Qc2 Nxb2 21. Rxb7 Qxb7 22. Qxb2 Rc8 23. Rc1 Rc7 24. Rxc7 Qxc7 25. Qc2 Qxc2 26. Bxc2 Kf8 27. Kf1 h6 28. Ke2 Ke8 29. Kd3 Kd7 30. Ne5+ Ke6 31. Nc6 Kd6 32. Nd8 f5 33. f4 e6 34. Nb7+ Ke7 35. a4 g5 36. a5 Bf8 37. Nc5 Kd6 38. Kc3 b4+ 39. Kxb4 Kc6 40. Bd3 g4 41. Bxa6 h5 42. Bc8 1-0